| 000 | 01019nam a22002297a 4500 | ||
|---|---|---|---|
| 005 | 20240530110339.0 | ||
| 008 | 141030s2011 le gr 001 0dara d | ||
| 020 | _a9789953823799 | ||
| 040 | _aEG-CaGPL | ||
| 082 | 0 | 4 |
_221 _a341.25\ _bي م |
| 100 | 0 | _aيوسف خليفة اليوسفى | |
| 245 | 1 | 0 |
_aمجلس التعاون الخليجى فى مثلث الوراثة والنفط والقوى الاجنبية / _cيوسف خليفة اليوسفى |
| 260 |
_aبيروت : _bمركز دراسات الوحدة العربية ، _c2011 |
||
| 300 |
_a446 ص ؛ _c24 سم |
||
| 610 | _aمجلس التعاون الخليجى | ||
| 650 | 0 | 4 | _aالعلاقات الخارجية |
| 650 | 0 | 4 |
_aمجلس التعاون الخليجى _xالتنمية الاقتصادية |
| 650 | 0 | 4 |
_aالامن القومى _xمجلس التعاون الخليجى |
| 650 | 0 | 4 |
_aالنفط _xمجلس التعاون الخليجى |
| 942 |
_2ddc _cBK |
||
| 999 |
_c59851 _d59851 |
||